ბათუმის შოთა რუსთაველის სახელმწიფო უნივერსიტეტის ბიბლიოთეკა

ქრისტესთვის წამებულნი. უვერცხლონი და ღირსი მამანი (ბიბ.ჩანაწერი № 48586)

000 -LEADER
fixed length control field 00836nam a2200217Ia 4500
001 - CONTROL NUMBER
control field 15485
003 - CONTROL NUMBER IDENTIFIER
control field GE_BSU
008 - FIXED-LENGTH DATA ELEMENTS--GENERAL INFORMATION
fixed length control field 181216s||||||||xx |||||||||||||| ||und||
020 ## - INTERNATIONAL STANDARD BOOK NUMBER
International Standard Book Number 9789941219542
040 ## - CATALOGING SOURCE
Transcribing agency GE_BSU
080 ## - UNIVERSAL DECIMAL CLASSIFICATION NUMBER
Universal Decimal Classification number 27-31
245 ## - TITLE STATEMENT
Title ქრისტესთვის წამებულნი. უვერცხლონი და ღირსი მამანი
245 ## - TITLE STATEMENT
Statement of responsibility, etc. პროექტ.რედ.თ.მამაცაშვილი, შემდგ. კ.კენკიშვილი
260 ## - PUBLICATION, DISTRIBUTION, ETC.
Place of publication, distribution, etc. თბილისი
260 ## - PUBLICATION, DISTRIBUTION, ETC.
Name of publisher, distributor, etc. პალიტრა L
260 ## - PUBLICATION, DISTRIBUTION, ETC.
Date of publication, distribution, etc. 2015
300 ## - PHYSICAL DESCRIPTION
Extent 173გვ.20სმ.
653 ## - INDEX TERM--UNCONTROLLED
Uncontrolled term ქრისტესთვის წამებულნი. უვერცხლონი და ღირსი მამანი
942 ## - ADDED ENTRY ELEMENTS (KOHA)
Koha item type წიგნი
ეგზემპლარები
Withdrawn status Lost status Damaged status Not for loan Date acquired Barcode Date last seen Price effective from Koha item type
        2018-12-17 27482 2018-12-17 2018-12-17 წიგნი